<?xml version="1.0" encoding="UTF-8" ?>
<collection xmlns="http://www.loc.gov/MARC21/slim"><record><leader>00916nam a2200241   4500</leader><controlfield tag="001">231391</controlfield><controlfield tag="003">CH-000273-5</controlfield><controlfield tag="005">20260325120615.0</controlfield><datafield tag="020" ind1=" " ind2=" "><subfield code="a">978-2-08-131676-8</subfield></datafield><datafield tag="040" ind1=" " ind2=" "><subfield code="a">CH-000273-5</subfield><subfield code="b">ger</subfield><subfield code="e">rda</subfield></datafield><datafield tag="041" ind1="0" ind2=" "><subfield code="a">fre</subfield></datafield><datafield tag="100" ind1="1" ind2=" "><subfield code="a">Rosenberg, Pierre</subfield><subfield code="d">1936-</subfield><subfield code="e">Zusammenstellender</subfield><subfield code="4">com</subfield></datafield><datafield tag="245" ind1="0" ind2="0"><subfield code="a">Nicolas Poussin</subfield><subfield code="b">catalogue raisonné de l’œuvre peint</subfield><subfield code="c">Pierre Rosenberg de l&apos;Académie Française ; avec la collaboration de Christel Dupuy</subfield></datafield><datafield tag="264" ind1=" " ind2="1"><subfield code="a">Paris</subfield><subfield code="b">Flammarion</subfield><subfield code="c">[2026]</subfield></datafield><datafield tag="300" ind1=" " ind2=" "><subfield code="a">4 Bände in Behältnis</subfield><subfield code="b">Illustrationen</subfield><subfield code="c">29 cm</subfield></datafield><datafield tag="336" ind1=" " ind2=" "><subfield code="a">Text</subfield><subfield code="b">txt</subfield><subfield code="2">rdacontent</subfield></datafield><datafield tag="337" ind1=" " ind2=" "><subfield code="a">ohne Hilfsmittel zu benutzen</subfield><subfield code="b">n</subfield><subfield code="2">rdamedia</subfield></datafield><datafield tag="338" ind1=" " ind2=" "><subfield code="a">Band</subfield><subfield code="b">nc</subfield><subfield code="2">rdacarrier</subfield></datafield><datafield tag="600" ind1="1" ind2="7"><subfield code="a">Poussin, Nicolas</subfield><subfield code="d">1594-1665</subfield><subfield code="x">Malerei</subfield><subfield code="2">gnd</subfield></datafield><datafield tag="655" ind1=" " ind2="7"><subfield code="a">Werkverzeichnis</subfield><subfield code="2">gnd-content</subfield></datafield><datafield tag="700" ind1="1" ind2=" "><subfield code="a">Poussin, Nicolas</subfield><subfield code="d">1594-1665</subfield><subfield code="e">Illustrator</subfield><subfield code="4">ill</subfield></datafield><datafield tag="700" ind1="1" ind2=" "><subfield code="a">Dupuy, Christel</subfield><subfield code="d">1970-</subfield><subfield code="e">Mitwirkender</subfield><subfield code="4">ctb</subfield></datafield><datafield tag="852" ind1="4" ind2=" "><subfield code="a">CH-000273-5</subfield><subfield code="c">G 2026/0033</subfield></datafield></record></collection>